LEADER 01117nam0 2200301 450 001 000026924 005 20091214144748.0 010 $a978-1-4200-8904-2 100 $a20091214d2009----km-y0itay50------ba 101 0 $aeng 102 $aUS 105 $ay-------001yy 200 1 $aComputational partial differential equations using Matlab$fJichun Li, Yi-Tung Chen 210 $aBoca Raton$cCRC Press$d2009 215 $aXIII, 364 p.$cill.$d25 cm$eCD 225 2 $aChapman & Hall/CRC applied mathematics and nonlinear science 410 0$12001$aChapman & Hall/CRC applied mathematics and nonlinear science 500 10$aComputational partial differential equations using Matlab$942353 610 1 $aEquazioni differenziali parziali$aSoluzioni numeriche 610 1 $aMatlab 676 $a518.64$v21$9Analisi numerica 700 1$aLi,$bJichun$0472305 701 1$aChen,$bYi-Tung$0633726 801 0$aIT$bUNIPARTHENOPE$c20091214$gRICA$2UNIMARC 912 $a000026924 951 $aDSA 518-C/1$b3829$cDSA$d2009 996 $aComputational partial differential equations using Matlab$942353 997 $aUNIPARTHENOPE LEADER 05905oam 2200661 450 001 9910153209503321 005 20210209092900.0 010 $a9781522510581$belectronic 010 $z9781522510574$bprint 024 7 $a10.4018/978-1-5225-1057-4 035 $a(OCoLC)1182011689 035 $a(MiFhGG)GVRL2W7D 035 $a(EXLCZ)993710000000960580 100 $a20170113h20172017 uy 0 101 0 $aeng 135 $aurun|---uuuua 181 $2rdacontent 182 $2rdamedia 183 $2rdacarrier 200 00$aHandbook of research on efficacy and implementation of study abroad programs for P-12 teachers /$fHeejung An, William Paterson University of New Jersey, USA, [editor] 210 1$aHershey, Pennsylvania :$cInformation Science Reference,$d[2017] 210 4$d?2017 215 $a1 online resource (xxvii, 473 pages) $cillustrations (some color) 225 1 $aAdvances in Higher Education and Professional Development (AHEPD) Book Series,$x2327-6991 300 $aIncludes index. 311 $a1-5225-1057-5 320 $aIncludes bibliographical references and index. 327 $aUniversity partnerships: greater involvement in international activities for teachers / Jeanne Martha D'Haem [and 2 others] -- Case study of a sustained educator partnership between the U.S. and Norway / David C. Virtue -- "Should I go to Ireland or Mexico?": a comparison of two pre-student teaching study abroad programs offered by the same department / Scott L. Roberts, Kristina Rouech -- Studying abroad to inform teaching in a diverse society: a description of international elementary education teaching experiences at Ball State University / Carolyn Walker Hitchens [and 5 others] -- Consortium models: enhancing faculty led study abroad programs for pre- and in-service teachers / Angela Cartwright, Michael T. Mills -- Study abroad Australia: practice and research / Johnell Bentz [and 2 others] -- Creating a studying abroad experience for elementary teacher candidates: considerations, challenges, and impact / Audra Parker [and 2 others] -- Study abroad for preservice teachers: critical learning and teaching in a diverse context / Allison Witt [and 2 others] -- Taking the TESOL practicum abroad: opportunities for critical awareness and community-building among preservice teachers / Hyesun Cho, Lizette Peter -- Learning about culture and teaching during a short-term immersion-based study abroad / Barbara A. Bradley, Andrea M. Emerson -- A decolonizing study abroad program in Mexico for pre-service teachers: taking on the cultural mismatch between teachers and students / G. Sue Kasun -- 327 $aBecoming responsive teachers during a practicum-based study abroad experience: learners leading to new perspectives / Cheryl L. Dozier, S. Joy Stephens -- Developing a multicultural cross-curricular study abroad experience / Mary-Kate Sableski [and 2 others] -- Collective learning: an exploration of the Hong Kong and U.S. special education systems / Lusa Lo -- The Cambridge schools experience: developing literacy educators within an international school-university partnership / Danielle V. Dennis [and 3 others] -- "The world is so much bigger": preservice teachers' experiences of religion in Israel and the influences on identity and teaching / Tina Marie Keller -- Teacher candidates in international contexts: examining the impact on beliefs about teaching culturally and linguistically diverse learners / S. Michael Putman -- Embracing teaching as social activism: rejecting colorblindness through cultural inclusion during study abroad / James A. Gambrell -- Of chalk and chai: teach abroad experiences that enhance cultural adaptability of pre-service teachers / Gabrielle Malfatti -- The benefits and limitations of a short-term study abroad program to prepare teachers in a multicultural society / Heejung An [and 2 others] -- From cultural immersion to professional growth: effects of study abroad experiences on classroom instruction / Carrie E. Hong [and 2 others] -- 327 $aFeeling silly and white: the impact of participant characteristics on study abroad experiences / Denise Davis-Maye [and 2 others] -- Bridging local and global experiences: a faculty-led study abroad program for teachers / Ye He, Kristine Lundgren. 330 3 $a"[This book] highlights program developments geared towards pre-service and in-service teachers. Featuring the pedagogical opportunities available to participants and the challenges encountered during the development and implementation of study abroad programs, this publication is a critical reference source for pre-service and in-service teachers, school administrators, higher education faculty, educational researchers, and educators in multicultural and international education programs"--Provided by publisher. 410 0$aAdvances in higher education and professional development (AHEPD) book series. 606 $aEducational exchanges 606 $aForeign study 606 $aInternational education 606 $aTeachers$xTraining of 606 $aTeachers$xIn-service training 610 $aConsortium models 610 $aCultural inclusion 610 $aDiverse learners 610 $aGroup study programs 610 $aImmersion-based programs 610 $aMulticultural perspectives 610 $aPreservice teachers 615 0$aEducational exchanges. 615 0$aForeign study. 615 0$aInternational education. 615 0$aTeachers$xTraining of. 615 0$aTeachers$xIn-service training. 676 $a370.116 700 $aAn$b Heejung$01249761 702 $aAn$b Heejung$f1970- 801 0$bMiFhGG 801 1$bMiFhGG 906 $aBOOK 912 $a9910153209503321 996 $aHandbook of research on efficacy and implementation of study abroad programs for P-12 teachers$92896027 997 $aUNINA LEADER 05498nam 2200709Ia 450 001 9911020019903321 005 20200520144314.0 010 $a9786612314186 010 $a9781282314184 010 $a1282314181 010 $a9780470310588 010 $a0470310588 010 $a9780470315422 010 $a0470315423 035 $a(CKB)1000000000687838 035 $a(EBL)702512 035 $a(OCoLC)769341581 035 $a(SSID)ssj0000715022 035 $a(PQKBManifestationID)11477820 035 $a(PQKBTitleCode)TC0000715022 035 $a(PQKBWorkID)10700674 035 $a(PQKB)10961362 035 $a(MiAaPQ)EBC702512 035 $a(Perlego)2749297 035 $a(EXLCZ)991000000000687838 100 $a19800111d1989 uy 0 101 0 $aeng 135 $aur|n|---||||| 181 $ctxt 182 $cc 183 $acr 200 00$a13th Annual Conference on Composites and Advanced Ceramic Materials $ea collection of papers presented at the 13th Annual Conference on Composites and Advanced Ceramic Materials...January 15-18, 1989, Cocoa Beach Holiday Inn, Cocoa Beach, FLorida /$fRonald E. Barks, program chair 210 $aWesterville, OH $cAmerican Ceramic Society$d1989 215 $a1 online resource (481 p.) 225 1 $aCeramic engineering and science proceedings ;$v10/9-10 300 $aDescription based upon print version of record. 311 08$a9780470374870 311 08$a047037487X 320 $aIncludes bibliographical references. 327 $a13th Annual Conference on Composites and Advanced Ceramic Materials; Table of Contents; Processing: Non-Oxide Composite Ceramics; Nitriding Kinetics of Si-Sic Powder Mixtures as Simulations of Reaction Bonded SiJ4-SiC Composites; Mechanical Properties of Beta-Silicon Nitride Whisker/Silicon Nitride Matrix Composites; Processing Parameters for Whisker- Reinforced Composites; Processing of Sic Whisker-Reinforced Sid4 Composites; Fabrication and Properties of S i d , Composites Reinforced by SIC Whiskers and Particles 327 $aTough Silicon Nitride Matrix Composites Using Textron Silicon Carbide MonofilamentsInfluence of Sic Dispersion on Thermo-Mechanical Properties of SiJV4-SiC Nano-Composites; Sic Whisker-Reinforced Sialon Composites: Effect of Sintering Aid Content; Novel Siliconized Mixed-Phase Ceramics; Sic-MoSi, Composites; Continuous Fiber-Reinforced Titanium Diboride Matrix Composites; Microcrack Toughening in TiB,-AIN Composite; SIC Matrix Composites Reinforced with Internally- Synthesized TiBz; Composites: Failure Analvsis, I; Fracture Mechanisms in Ceramic Composites 327 $aCyclic Fatigue-Crack Propagation Behavior in Advanced CeramicsNon-Steady State Cracking in Ceramic Matrix Composites; Creep Characterization of Short Fiber-Reinforced Ceramic Composites; First-Cracking Strength of Short Fiber-Reinforced Ceramics; Residual Stresses and Damage in Unidirectional Model Composites; Speculation on the Creep Behavior of Silicon Carbide Whisker-Reinforced Alumina; Mechanics of Crack-Tip Damage During Static and Cyclic Crack Growth in Ceramic Composites a t Elevated Temperatures 327 $aFailure Characteristics of Low Dielectic Constant Ceramic Composites Reinforced With BN-Coated FibersFracture Behavior of Sic,-Reinforced Ceramic Composites; Thermal Shock Behavior of an SIC Fiber-Reinforced Cordierite Composite; Creep Testing of Ceramics; Engineering Applications of Composites; Performance of Advanced Ceramic Coatings in Simulated High-speed Earth Entry Environments; Developments in High Temperature Reusable Surface Insulation Coatings; Edge Effects in Porous Cellular Materials; Oxidation Issues in C/Oxide Composites 327 $aCeramic Valve Development for Heavy-Duty Low Heat Rejection Diesel EnginesComposite Wear-Resistant Ceramic Coatings for Advanced Diesel Engine Applications; Diamond Toughened Zinc Sulfide Ceramic Composites for Infrared Window Materials; Preparation of Zirconia Fibers By Sol-Gel Method; Effect of Alumina Composition on Interfacial Chemistry and Strength of Direct Bonded Copper- Alumina; Cast Joining Between Sic and Aluminum; Ceramic Port Shields Cast in an Iron Engine Head; Cryogenic Properties of Aluminum Alloys and Composites; Composites: Failure Analvsis, I1 327 $aScatter of Strength in Whisker-Reinforced Ceramics 330 $aThis volume is part of the Ceramic Engineering and Science Proceeding (CESP) series. This series contains a collection of papers dealing with issues in both traditional ceramics (i.e., glass, whitewares, refractories, and porcelain enamel) and advanced ceramics. Topics covered in the area of advanced ceramic include bioceramics, nanomaterials, composites, solid oxide fuel cells, mechanical properties and structural design, advanced ceramic coatings, ceramic armor, porous ceramics, and more. 410 0$aCeramic engineering and science proceedings ;$v10/9-10. 517 3 $aThirteenth Annual Conference on Composites and Advanced Ceramic Materials 606 $aCeramics$vCongresses 606 $aComposite materials$vCongresses 615 0$aCeramics 615 0$aComposite materials 676 $a666 676 $a666.05 701 $aBarks$b R. E$g(Ronald E.)$01340321 801 0$bMiAaPQ 801 1$bMiAaPQ 801 2$bMiAaPQ 906 $aBOOK 912 $a9911020019903321 996 $a13th Annual Conference on Composites and Advanced Ceramic Materials$93062129 997 $aUNINA LEADER 01751oam 2200313z- 450 001 9910157597803321 005 20230913112557.0 010 $a1-62517-703-8 035 $a(CKB)3710000001001597 035 $a(BIP)051828986 035 $a(Exl-AI)993710000001001597 035 $a(EXLCZ)993710000001001597 100 $a20210505c2015uuuu -u- - 101 0 $aeng 200 10$aGive and Take 210 $cKats Kreative Ideas 215 $a1 online resource (272 p.) 330 8 $aCompromise is a word Annabelle Macon knows well. Sacrifices at home, in college and with her career, have all given her the tools to be the person she is. Now it seems she must also make concessions for her long-time love, Jackson Storme.Six months into their relationship, and he's already making unrealistic demands. With distance putting that much more of a strain on their relationship, how are the two ever going to manage?Old insecurities have a way of resurfacing, making Anna feel less than suitable for someone like Jackson. She's worked hard to get to where she is now. Her life and her work are clashing, making matters worse. Bringing a whole new meaning to work/life balance. But Anna knows that with a little give and take everything will fall into place, regardless of the obstacles that may stand in her way."Interracial Contemporary Romance." +18 Adult Content 606 $aInterpersonal relations$7Generated by AI 606 $aWork-life balance$7Generated by AI 615 0$aInterpersonal relations 615 0$aWork-life balance 700 $aEden$b Tigris$01024240 702 $aHoward$b Jenn$4oth 702 $aRomero$b Danielle$4oth 906 $aBOOK 912 $a9910157597803321 996 $aGive and Take$93599673 997 $aUNINA